| 000 | 00511nam a22001937a 4500 | ||
|---|---|---|---|
| 005 | 20140313143151.0 | ||
| 008 | 140313b xxu||||| |||| 00| 0 eng d | ||
| 020 |
_a9780670086887 _c499.00 |
||
| 040 | _aLoreto College | ||
| 041 | _aEnglish | ||
| 082 |
_a951 _bMIS |
||
| 100 | _aMishra, Pankaj | ||
| 245 |
_aA great clamour _bEncounters with China and its neighbours _cPankaj Mishra |
||
| 260 |
_aLondon _bPenguin _c2013 |
||
| 300 |
_axxii, 325p. _b22cm. |
||
| 650 | _aChina | ||
| 850 | _aLCLIB | ||
| 942 | _cBK | ||
| 999 |
_c39091 _d89570 |
||